|
|
|
|
| LEADER |
00000cam a2200000 7i4500 |
| 001 |
0000005989 |
| 005 |
20151222.0 |
| 008 |
070814 |
| 020 |
|
|
|a 0431165645
|
| 090 |
0 |
0 |
|a TRA
|b ENG
|
| 100 |
1 |
|
|a Graham,Ian
|
| 245 |
0 |
0 |
|a Superbikes
|c Ian Graham
|
| 260 |
|
|
|a United Kingdom :
|b Heinemann ,
|c 2003
|
| 440 |
|
|
|a Designed for success
|
| 500 |
|
|
|a Children ages 10-12 years old (pink)
|
| 650 |
|
0 |
|a Superbikes
|x juvenile literature
|
| 999 |
|
|
|a 0000981981
|b Book
|c Children Collection
|e Perbadanan Perpustakaan Awam Johor
|
| 999 |
|
|
|a 0000981982
|b Book
|c Children Collection
|e Perbadanan Perpustakaan Awam Johor
|
| 999 |
|
|
|a 0000981983
|b Book
|c Children Collection
|e Perbadanan Perpustakaan Awam Johor
|